Pays d'Europe par Fêtes Nationales - Statistiques

Statistiques générales
  • Ce quiz a été pris 24 fois
  • Le résultat moyen est 2 sur 45
Statistiques - réponses
Fête Nationale Pays % Correct
14 Juillet France
100%
1 Janvier Slovaquie
18%
1 Août Suisse
18%
3 Octobre Allemagne
9%
21 Juillet Belgique
9%
30 Mai Croatie
9%
12 Octobre Espagne
9%
6 Décembre Finlande
9%
16 Février Lituanie
9%
15 Février Serbie
9%
28 Novembre Albanie
0%
14 Mars Andorre
0%
26 Octobre Autriche
0%
3 Juillet Biélorussie
0%
1 Mars Bosnie-Herzégovine
0%
3 Mars Bulgarie
0%
5 Juin Danemark
0%
24 Février Estonie
0%
25 Mars Grèce
0%
20 Août Hongrie
0%
17 Mars Irlande
0%
17 Juin Islande
0%
2 Juin Italie
0%
17 Février Kosovo
0%
18 Novembre Lettonie
0%
15 Août Liechtenstein
0%
23 Juin Luxembourg
0%
2 Août Macédoine du Nord
0%
8 Septembre Malte
0%
27 Août Moldavie
0%
19 Novembre Monaco
0%
13 Juillet Monténégro
0%
17 Mai Norvège
0%
27 Avril Pays-Bas
0%
3 Mai Pologne
0%
10 Juin Portugal
0%
1 Décembre Roumanie
0%
14 Novembre Royaume-Uni
0%
12 Juin Russie
0%
3 Décembre Saint-Marin
0%
25 Juin Slovénie
0%
6 Juin Suède
0%
28 Octobre Tchéquie
0%
24 Août Ukraine
0%
8 Mai Vatican
0%
Aucun quiz correspondant
Distribution des résultats
% des personnes avec chaque résultat
Percentile par nombre de réponses
Votre historique - résultats
Vous n’avez pas pris ce quiz